000 00269nam a2200109Ia 4500
008 231129s9999||||xx |||||||||||||| ||spa||
040 _bspa
082 _aR 781.79861 M985
245 0 _aMusica Tradicional y Popular Colombiana
264 _aProcultura
942 _2ddc
_cBKS
999 _c21537
_d21537